Mar me quer (Registo nº 255)

Detalhes MARC
000 -Etiqueta do registo
Cabeçalho 00831nam0a2200277 4500
005 - Identificador da versão
Campo de controlo 20240813121758.0
010 ## - Número internacional normalizado dos livros (ISBN)
Número (ISBN) 9789722125765
021 ## - Número do Depósito Legal
Código do país PT
Número 371060/14
100 ## - Dados gerais de processamento
Dados gerais de processamento 20150223d2014 m y0pory5003 ba
102 ## - Pais de publicação ou produção
País de publicação Portugal
101 0# - Língua de publicação
Língua do texto, banda sonora, etc. Português
215 ## - Descrição física 
Indicação específica da natureza do documento e extensão da espécie 68, [1] p.
Outras indicações físicas il. color
200 1# - Titulo e menção de responsabilidade
Título próprio Mar me quer
Primeira menção de responsabilidade Mia Couto
Outras menções de responsabilidade il. João Nasi Pereira
205 ## - Menção da edição
Menção da edição 15ª ed
210 ## - Publicação, Distribuição, etc. 
Lugar da edição, distribuição, etc. Alfragide
Nome do editor, distribuidor, etc. Caminho
Data da publicação, distribuição, etc. 2014
300 ## - Notas gerais 
Texto da nota Metas Curriculares
314 ## - Notas relativas a responsabilidade intelectual 
Texto da nota Mia Couto é pseudónimo de António Emílio Leite Couto
606 ## - Nome comum usado como assunto
Número de registo de entrada de autoridade 0002087
Palavra de ordem Literatura moçambicana
Subdivisão de assunto Conto
Código do sistema CA
675 ## - Classificação Decimal Universal (CDU)
Notação 821.134.3(679)-34
Edição 3ª ed.
Língua da edição por
702 ## - Nome de autor-pessoa física (responsabilidade secundária)
Número de registo de entrada de autoridade 0000321
Palavra de ordem Pereira
Outra parte do nome não tomada para palavra de ordem João Nasi
Código de função Ilustrador / Técnico de desenho computorizado
700 #1 - Nome de autor-pessoa física (responsabilidade principal)
Número de registo de entrada de autoridade 0002089
Palavra de ordem Couto
Outra parte do nome não tomada para palavra de ordem Mia
Elementos de identificação ou distinção pseud.
Datas 1955-
966 ## - Identificação da Biblioteca
Sigla EB2,3ENM
942 ## - Elementos de entrada adicionados (Koha)
Tipo de item no Koha Livro
Exemplares
Situação do levantamento Origin of item (home branch) (coded) Biblioteca de empréstimo Código de barras Circulation type (not for loan) Tipo de documento Nota do exemplar Damaged status Cota
  Biblioteca Escolar Eng. Nuno Mergulhão Biblioteca Escolar Eng. Nuno Mergulhão BENM555   Livro Sem mensagem    
  Biblioteca Escolar Eng. Nuno Mergulhão Biblioteca Escolar Eng. Nuno Mergulhão BENM3543   Livro Sem mensagem   82LE-34 COU MET